000 00459nam a22001937a 4500
003 MPLRDC
005 20220104143833.0
008 210129b ||||| |||| 00| 0 eng d
020 _a962-988-076-8
082 _a857.62 SYP v.5
100 _a苏逸平
245 _a遁行消失
_c
250 _a初版
260 _a
_b勤加缘出版社
_c2000
300 _b
490 _a怪奇探侦团. 5
650 _a推理小说
942 _cBK
_o857.62 SYP v.5
999 _c43820
_d43810